Islam and the West: (Record no. 20376)

MARC details
000 -LEADER
fixed length control field 00836cam a22002891 4500
001 - CONTROL NUMBER
control field 7507227
003 - CONTROL NUMBER IDENTIFIER
control field BDDh-ASL
005 - DATE AND TIME OF LATEST TRANSACTION
control field 20231015025900.0
008 - FIXED-LENGTH DATA ELEMENTS--GENERAL INFORMATION
fixed length control field 740128s1962 nju b 000 0 eng
010 ## - LIBRARY OF CONGRESS CONTROL NUMBER
LC control number 63001079
015 ## - NATIONAL BIBLIOGRAPHY NUMBER
National bibliography number GB63-3883
035 ## - SYSTEM CONTROL NUMBER
System control number (OCoLC)783587
040 ## - CATALOGING SOURCE
Original cataloging agency DLC
Transcribing agency MBU
Modifying agency Uk
-- PPLT
-- DLC
-- BDDh-ASL
042 ## - AUTHENTICATION CODE
Authentication code premarc
050 00 - LIBRARY OF CONGRESS CALL NUMBER
Classification number BP52
Item number .H5
082 ## - DEWEY DECIMAL CLASSIFICATION NUMBER
Classification number 297.09
Item number HII
100 1# - MAIN ENTRY--PERSONAL NAME
Personal name Hitti, Philip K.
Fuller form of name (Philip Khuri),
Dates associated with a name 1886-1978.
245 10 - TITLE STATEMENT
Title Islam and the West:
Remainder of title a historical cultural survey /
260 ## - PUBLICATION, DISTRIBUTION, ETC.
Place of publication, distribution, etc. Princeton, N.J.:
Name of publisher, distributor, etc. Van Nostrand
Date of publication, distribution, etc. [c1962]
300 ## - PHYSICAL DESCRIPTION
Extent 192 p.
Dimensions 19 cm.
490 0# - SERIES STATEMENT
Series statement An Anvil original
504 ## - BIBLIOGRAPHY, ETC. NOTE
Bibliography, etc. note "Selected readings": p. 95-187.
650 #0 - SUBJECT ADDED ENTRY--TOPICAL TERM
Topical term or geographic name entry element Islam
General subdivision Relations.
650 #0 - SUBJECT ADDED ENTRY--TOPICAL TERM
Topical term or geographic name entry element East and West.
906 ## - LOCAL DATA ELEMENT F, LDF (RLIN)
a 7
b cbc
c oclcrpl
d u
e ncip
f 19
g y-gencatlg
942 ## - ADDED ENTRY ELEMENTS (KOHA)
Source of classification or shelving scheme Dewey Decimal Classification
Koha item type Books
Holdings
Withdrawn status Lost status Source of classification or shelving scheme Damaged status Not for loan Collection code Home library Current library Shelving location Date acquired Source of acquisition Total Checkouts Full call number Barcode Date last seen Copy number Price effective from Koha item type
    Dewey Decimal Classification     Non-fiction Asiatic Society Library Asiatic Society Library General Stacks 12/30/2020 ASB Collection   297.09 HII 103812 12/30/2020 C-1 12/30/2020 Books

Powered by Koha